[Event "Rio Claro op 1st"]
[Site "Rio Claro"]
[Date "2015.03.01"]
[Round "4"]
[White "Henrique, Andres"]
[Black "Santos, Thauana Alves"]
[Result "1-0"]
[WhiteElo "2184"]
[BlackElo "1514"]
[PlyCount "63"]
[EventDate "2015.02.28"]
[EventType "swiss"]
[EventRounds "5"]
[EventCountry "BRA"]
[SourceTitle "CBM 165 Extra"]
[Source "ChessBase"]
[SourceDate "2015.04.21"]
[SourceVersion "1"]
[SourceVersionDate "2015.04.21"]
[SourceQuality "1"]

1. e4 e5 2. Nc3 c6 3. Nf3 d6 4. d4 Nd7 5. Bg5 Be7 6. Qd2 Ngf6 7. Bxf6 Bxf6 8. Be2 0-0 9. 0-0-0 a5 10. g4 h6 11. h4 g5 12. hxg5 Bxg5 13. Nxg5 Qxg5 14. Rxh6 Qxd2+ 15. Rxd2 Kg7 16. g5 f6 17. Rh5 Nb6 18. dxe5 fxg5 19. Rxg5+ Kh6 20. Rh5+ Kg6 21. Bd1 Nc4 22. Rd4 Be6 23. exd6 Rxf2 24. d7 Rd8 25. b3 Ne3 26. Rh8 Rxd7 27. Rxd7 Bxd7 28. Rd8 Bh3 29. e5 Rf1 30. Rd6+ Kf7 31. Rd3 Re1 32. Kd2 1-0